000 00706nam a2200289Ia 4500
005 20260324115609.0
008 008 260324s9999 xx 000 0 eng d
020 _a9781315374581
037 _aEBOOK
040 _aCRL
040 _beng
040 _cCRL
041 _2eng
041 _aeng
084 _qCRL
100 _aTuan Vo-Dinh
_91092883
245 0 _aNanotechnology in Biology and Medicine
245 0 _bMethods, Devices, and Applications, Second Edition
260 _bTaylor and Francis
260 _c2017
365 _a
365 _b385
856 _uhttp://www.taylorfrancis.com/books/9781315374581
942 _cEBOOK
999 _c1746266
_d1746266